Disney Songs by Movie - Tile Select #2 - Statistics

General Stats
  • This quiz has been taken 1,149 times
  • The average score is 90 of 100
Answer Stats
Question Tile Select % Correct
Beauty and the Beast An Innocent Warrior No
99%
Beauty and the Beast Colors of the Wind No
99%
Beauty and the Beast How Far I'll Go No
99%
Beauty and the Beast I'll Make a Man Out of You No
99%
Beauty and the Beast Just Around the Riverbend No
99%
Beauty and the Beast Little Wooden Head No
99%
Beauty and the Beast We Know The Way No
99%
Beauty and the Beast When You Wish Upon A Star No
99%
Beauty and the Beast You're Welcome No
99%
Moana Belle No
98%
Beauty and the Beast Give A Little Whistle No
98%
Beauty and the Beast Hi-Diddle-Dee-Dee No
98%
Beauty and the Beast Honor to Us All No
98%
Beauty and the Beast Reflection No
98%
Beauty and the Beast A Girl Worth Fighting For No
97%
Beauty and the Beast Belle Yes
97%
Moana Be Our Guest No
97%
Moana Gaston No
97%
Moana Hi-Diddle-Dee-Dee No
97%
Moana I'll Make a Man Out of You No
97%
Beauty and the Beast Listen With Your Heart No
97%
Moana Little Wooden Head No
97%
Beauty and the Beast Savages No
97%
Moana When You Wish Upon A Star No
97%
Moana A Girl Worth Fighting For No
96%
Mulan Belle No
96%
Beauty and the Beast Be Our Guest Yes
96%
Mulan Be Our Guest No
96%
Moana Colors of the Wind No
96%
Mulan Gaston No
96%
Moana Give A Little Whistle No
96%
Mulan Hi-Diddle-Dee-Dee No
96%
Moana Just Around the Riverbend No
96%
Mulan Little Wooden Head No
96%
Mulan When You Wish Upon A Star No
96%
Mulan You're Welcome No
96%
Mulan Give A Little Whistle No
95%
Moana Reflection No
95%
Moana Savages No
95%
Mulan Something There No
95%
Mulan We Know The Way No
95%
Mulan Colors of the Wind No
94%
Beauty and the Beast Gaston Yes
94%
Moana Honor to Us All No
94%
Mulan How Far I'll Go No
94%
Mulan Just Around the Riverbend No
94%
Pinocchio A Girl Worth Fighting For No
93%
Pinocchio Belle No
93%
Pocahontas Belle No
93%
Pinocchio Be Our Guest No
93%
Pocahontas Be Our Guest No
93%
Pinocchio Gaston No
93%
Pocahontas Gaston No
93%
Moana How Far I'll Go Yes
93%
Pinocchio How Far I'll Go No
93%
Pocahontas How Far I'll Go No
93%
Mulan Listen With Your Heart No
93%
Pocahontas You're Welcome No
93%
Pinocchio An Innocent Warrior No
92%
Pinocchio Colors of the Wind No
92%
Pinocchio Honor to Us All No
92%
Pocahontas I'll Make a Man Out of You No
92%
Pocahontas Little Wooden Head No
92%
Mulan Savages No
92%
Moana Something There No
92%
Pocahontas When You Wish Upon A Star No
92%
Pinocchio You're Welcome No
92%
Pocahontas Hi-Diddle-Dee-Dee No
91%
Pinocchio I'll Make a Man Out of You No
91%
Pinocchio Reflection No
91%
Pinocchio Savages No
91%
Pinocchio Just Around the Riverbend No
90%
Pinocchio Something There No
90%
Pinocchio We Know The Way No
90%
Pocahontas Give A Little Whistle No
89%
Pocahontas Honor to Us All No
89%
Pocahontas Something There No
89%
Mulan I'll Make a Man Out of You Yes
88%
Pocahontas We Know The Way No
88%
Pocahontas A Girl Worth Fighting For No
87%
Pocahontas Colors of the Wind Yes
87%
Pocahontas Reflection No
87%
Moana You're Welcome Yes
86%
Moana Listen With Your Heart No
85%
Pinocchio Little Wooden Head Yes
81%
Pinocchio Listen With Your Heart No
80%
Pocahontas Just Around the Riverbend Yes
79%
Mulan Honor to Us All Yes
78%
Pinocchio When You Wish Upon A Star Yes
78%
Pocahontas An Innocent Warrior No
76%
Mulan Reflection Yes
76%
Mulan A Girl Worth Fighting For Yes
73%
Moana We Know The Way Yes
71%
Pocahontas Savages Yes
70%
Mulan An Innocent Warrior No
68%
Pinocchio Hi-Diddle-Dee-Dee Yes
67%
Pinocchio Give A Little Whistle Yes
66%
Beauty and the Beast Something There Yes
62%
Pocahontas Listen With Your Heart Yes
43%
Moana An Innocent Warrior Yes
26%
No matching quizzes found
Score Distribution
Percent of People with Each Score
Percentile by Number Answered
Your Score History
You have not taken this quiz